Teoría y técnica de la investigación científica.

Bibliographic Details
Main Author: Desantes-Guanter, José María
Other Authors: López Yepes, José
Format: Libro
Language:English
Published: Madrid, España Síntesis 1996
Series:Letras universitarias
Subjects:
Online Access:

MARC

LEADER 00000cam a2200000 a 4500
001 004073
003 UAHC_CL
005 20170803120014.0
008 010822b xx j 000 1 eng
020 |a 8477383588 
040 |a UAHC_CL  |c UAHC_CL  |d UAHC_CL 
082 0 4 |a 303.37 D445 
100 1 |a Desantes-Guanter, José María 
245 1 0 |a Teoría y técnica de la investigación científica. 
260 |b Síntesis  |c 1996  |a Madrid, España 
300 |a 268 p. 
490 0 |a Letras universitarias 
500 |a 268 p. 
650 4 |a INVESTIGACION CIENTIFICA 
700 1 |a López Yepes, José 
900 |a 303.37 DES 
942 |c BK 
952 |0 0  |1 0  |4 0  |6 303_370000000000000_DES  |7 0  |8 General  |9 9104  |a BC  |b BC  |c General  |d 2017-08-03  |l 0  |o 303.37 DES  |p 1301649  |r 2026-01-13 00:00:00  |t 1  |w 2017-08-03  |y BK 
999 |c 4073  |d 4073